Real and Fake Yoga Poses Quiz Stats

Quiz not verified by Sporcle

Challenge
Share
Tweet
Embed
Score 0/25 Timer 06:00
0 Plays Today
% Correct
downward-facing dog
95.5%
bridge
89.9%
lotus
87.2%
cat
84.6%
chair
84.4%
mountain
84.1%
bow
82.8%
upward-facing dog
82.8%
happy baby
82.3%
camel
82.2%
crescent moon
81.9%
tree
81.3%
eagle
80.9%
% Correct
dolphin
74.3%
plow
72.6%
hero
72.5%
king pigeon
68.7%
sphinx
64.8%
cow face
62.6%
monkey
58.4%
half lord of the fishes
54.1%
eight angle
51.1%
easy
49.2%
feathered peacock
49.1%
lord of the dance
43.9%

You're not logged in!

Compare scores with friends on all Sporcle quizzes.
Sign Up with Email
OR
Log In

You Might Also Like...

Show Comments

Extras

Top Quizzes Today


Score Distribution

Your Account Isn't Verified!

In order to create a playlist on Sporcle, you need to verify the email address you used during registration. Go to your Sporcle Settings to finish the process.